Atatürk dönemi Türk - Rus ilişkileri : (Record no. 200002546)
[ view plain ]
| 000 -LEADER | |
|---|---|
| fixed length control field | 01058 a2200289 4500 |
| 001 - CONTROL NUMBER | |
| control field | 200002546 |
| 003 - CONTROL NUMBER IDENTIFIER | |
| control field | TR-AnTOB |
| 005 - DATE AND TIME OF LATEST TRANSACTION | |
| control field | 20231229120406.0 |
| 008 - FIXED-LENGTH DATA ELEMENTS--GENERAL INFORMATION | |
| fixed length control field | 110206s2010 tu 000 0 d |
| 020 ## - INTERNATIONAL STANDARD BOOK NUMBER | |
| International Standard Book Number | 9789751622556 |
| 040 ## - CATALOGING SOURCE | |
| Original cataloging agency | TR-AnTOB |
| 041 ## - LANGUAGE CODE | |
| Language code of text/sound track or separate title | Türkçe |
| 050 14 - LIBRARY OF CONGRESS CALL NUMBER | |
| Classification number | DR479.R9 |
| Item number | K654 2010 |
| 090 ## - LOCALLY ASSIGNED LC-TYPE CALL NUMBER (OCLC); LOCAL CALL NUMBER (RLIN) | |
| Classification number (OCLC) (R) ; Classification number, CALL (RLIN) (NR) | DR479.R9 K654 2010 |
| 100 1# - MAIN ENTRY--PERSONAL NAME | |
| Personal name | Kolesnikov, A. A. |
| Fuller form of name | (Aleksandr Antonovich) |
| 9 (RLIN) | 110056 |
| 245 10 - TITLE STATEMENT | |
| Title | Atatürk dönemi Türk - Rus ilişkileri : |
| Remainder of title | Türk Sovyet ilişkilerinin kuruluşunun 90. yılı |
| Statement of responsibility, etc. | Aleksandr Kolesnikov, çev. : İlyas Kamalov. |
| 264 #1 - PRODUCTION, PUBLICATION, DISTRIBUTION, MANUFACTURE, AND COPYRIGHT NOTICE | |
| Place of production, publication, distribution, manufacture | Ankara : |
| Name of producer, publisher, distributor, manufacturer | Atatürk Araştırma Merkezi, |
| Date of production, publication, distribution, manufacture, or copyright notice | 2010. |
| 300 ## - PHYSICAL DESCRIPTION | |
| Extent | 161 p. |
| Dimensions | 24 cm. |
| Accompanying material | + 1 CD ROM |
| 651 #0 - SUBJECT ADDED ENTRY--GEOGRAPHIC NAME | |
| Geographic name | Russia (Federation) |
| General subdivision | Foreign relations |
| Geographic subdivision | Turkey |
| 9 (RLIN) | 71854 |
| Geographic name | Turkey |
| General subdivision | Foreign relations |
| Geographic subdivision | Russia (Federation) |
| 9 (RLIN) | 71855 |
| Geographic name | Türkiye |
| General subdivision | Dış ilişkiler |
| Geographic subdivision | Rusya (Federasyon) |
| Source of heading or term | etuturkob |
| 9 (RLIN) | 71857 |
| Geographic name | Rusya (Federasyon) |
| General subdivision | Dış ilişkiler |
| Geographic subdivision | Türkiye |
| Source of heading or term | etuturkob |
| 9 (RLIN) | 86048 |
| 700 1# - ADDED ENTRY--PERSONAL NAME | |
| Personal name | Kamalov, İlyas, |
| Dates associated with a name | 1978- |
| 9 (RLIN) | 39229 |
| 910 ## - USER-OPTION DATA (OCLC) | |
| User-option data | 0035032 |
| 942 ## - ADDED ENTRY ELEMENTS (KOHA) | |
| Koha item type | Mixed Materials |
| Withdrawn status | Lost status | Source of classification or shelving scheme | Not for loan | Collection code | Home library | Current library | Shelving location | Date acquired | Source of acquisition | Cost, normal purchase price | Serial Enumeration / chronology | Inventory number | Total Checkouts | Total Renewals | Total Holds | Full call number | Barcode | Date last seen | Date last checked out | Copy number | Cost, replacement price | Date shelved | Koha item type |
|---|---|---|---|---|---|---|---|---|---|---|---|---|---|---|---|---|---|---|---|---|---|---|---|
| Ödünç Verilebilir / Available | Genel Koleksiyon | Merkez Kütüphane | Merkez Kütüphane | Genel Koleksiyon / Main Collection | 02/11/2010 | Bağış / Donation | 0.00 | 1 | TAR | 1 | 1 | DR479.R9 K654 2010 | 0035032 | 12/04/2017 | 07/03/2017 | 1 | 0.01 | Book | |||||
| Ödünç Verilebilir / Available | Genel Koleksiyon | Merkez Kütüphane | Merkez Kütüphane | Genel Koleksiyon / Main Collection | 02/11/2010 | Bağış / Donation | 0.00 | 1 | DR479.R9 K654 2010 | CD01515 | 1 | 0.01 | Compact disc |
